<?xml version="1.0" encoding="UTF-8"?>
<record
    xmlns:xsi="http://www.w3.org/2001/XMLSchema-instance"
    xsi:schemaLocation="http://www.loc.gov/MARC21/slim http://www.loc.gov/standards/marcxml/schema/MARC21slim.xsd"
    xmlns="http://www.loc.gov/MARC21/slim">

  <leader>03847nam a2200481 a 4500</leader>
  <controlfield tag="003">CHAP</controlfield>
  <controlfield tag="005">20241007135825.0</controlfield>
  <controlfield tag="007">cr ||||||a|c|a</controlfield>
  <controlfield tag="008">101122s2010    mx      r     00010 spa d</controlfield>
  <datafield tag="035" ind1=" " ind2=" ">
    <subfield code="a">111554</subfield>
  </datafield>
  <datafield tag="040" ind1=" " ind2=" ">
    <subfield code="c">CHAP</subfield>
  </datafield>
  <datafield tag="090" ind1=" " ind2=" ">
    <subfield code="a">Tesis</subfield>
  </datafield>
  <datafield tag="100" ind1="1" ind2=" ">
    <subfield code="a">Olgu&#xED;n Hern&#xE1;ndez, Gildardo.</subfield>
    <subfield code="9">83004</subfield>
  </datafield>
  <datafield tag="245" ind1="1" ind2="0">
    <subfield code="a">Identificaci&#xF3;n y caracterizaci&#xF3;n morfol&#xF3;gica cultural y molecular de hongos asociados a Sechium edule (Jacq.) Sw. en M&#xE9;xico</subfield>
    <subfield code="c">/por Gildardo Olgu&#xED;n Hern&#xE1;ndez; director de tesis Jorge Cadena I&#xF1;iguez.</subfield>
  </datafield>
  <datafield tag="264" ind1=" " ind2=" ">
    <subfield code="a">Chapingo, M&#xE9;x. :</subfield>
    <subfield code="b">El autor,</subfield>
    <subfield code="c">2010</subfield>
  </datafield>
  <datafield tag="300" ind1=" " ind2=" ">
    <subfield code="a">1 recurso en l&#xED;nea (118 p&#xE1;ginas):</subfield>
    <subfield code="b">cuadros, figuras.</subfield>
  </datafield>
  <datafield tag="336" ind1=" " ind2=" ">
    <subfield code="2">rdacontent</subfield>
    <subfield code="a">texto</subfield>
    <subfield code="b">txt</subfield>
  </datafield>
  <datafield tag="337" ind1=" " ind2=" ">
    <subfield code="2">rdamedia</subfield>
    <subfield code="a">computadora</subfield>
    <subfield code="b">c</subfield>
  </datafield>
  <datafield tag="338" ind1=" " ind2=" ">
    <subfield code="2">rdacarrier</subfield>
    <subfield code="a">recursos en l&#xED;nea</subfield>
    <subfield code="b">cr</subfield>
  </datafield>
  <datafield tag="502" ind1=" " ind2=" ">
    <subfield code="b">IAEPA</subfield>
    <subfield code="c">Parasitolog&#xED;a</subfield>
    <subfield code="d">2010.</subfield>
    <subfield code="g">LIC</subfield>
  </datafield>
  <datafield tag="520" ind1=" " ind2=" ">
    <subfield code="a">El chayote (Sechium edule (Jacq) Sw., es un producto no tradicional de exportaci&#xF3;n cuyo uso principal es alimentario. Actualmente su comercializaci&#xF3;n a gran escala en M&#xE9;xico y Centro Am&#xE9;rica, recae en la variedad var. Virens levis denominada chayote verde liso. De las limitantes m&#xE1;s importantes como cultivo, se ubican las enfermedades f&#xFA;ngicas, donde se carece de su identificaci&#xF3;n precisa. Se desarroll&#xF3; una investigaci&#xF3;n en huertas comerciales de chayote en la regi&#xF3;n centro de Veracruz, M&#xE9;xico con el objeto de identificar los organismos f&#xFA;ngicos asociados a sintomatolog&#xED;as que da&#xF1;an el cultivo; se realizaron colectas de hojas, tallos, gu&#xED;as y ra&#xED;ces, con da&#xF1;o asociado a s&#xED;ntomas de enfermedades. La identificaci&#xF3;n y caracterizaci&#xF3;n fue morfol&#xF3;gica, cultural y molecular, mediante cultivo en PDA, comparaci&#xF3;n de estructuras t&#xED;picas con claves de identificaci&#xF3;n, microscop&#xED;a &#xF3;ptica, electr&#xF3;nica de barrido y a trav&#xE9;s de PCR alineando las secuencias obtenidas con el National Center for Biotechnology Information (NCBI). Los organismos identificados y asociados se obtuvieron de pudrici&#xF3;n de ra&#xED;z, necrosis de tallos y ahogamiento de gu&#xED;as, siendo Fusarium oxysporum, F. sambucinum, Nigrospora oryzae,  Colletotrichum gloeosporioides, Alternaria alternata respectivamente. Resalta la ubicaci&#xF3;n de Erisyphe cichoracearum y Pseudoperonospora cubensis como dos organismos biotr&#xF3;ficos asociados a l&#xE1;minas foliares, causantes de la cenicilla y mildiu respectivamente. Para pudrici&#xF3;n de ra&#xED;z, se asoci&#xF3; la presencia de Phyllophaga spp., y Diabrotica spp., como causales indirectas de la invasi&#xF3;n de los hongos por lesiones. Se describen nuevas caracter&#xED;sticas morfol&#xF3;gicas relacionadas con ornamentaciones para E. cichoracearum. La caracterizaci&#xF3;n morfol&#xF3;gica y la alineaci&#xF3;n de los organismos con el NCBI fue de 95 a 100 % de homolog&#xED;a en nucle&#xF3;tidos de las regiones ITS, sugiriendo la existencia de microorganismos asociados a sintomatolog&#xED;a de enfermedades en chayote.</subfield>
  </datafield>
  <datafield tag="590" ind1=" " ind2=" ">
    <subfield code="a">ALEPH</subfield>
    <subfield code="b">10</subfield>
    <subfield code="c">20130110</subfield>
  </datafield>
  <datafield tag="590" ind1=" " ind2=" ">
    <subfield code="a">BATCH-UPD</subfield>
    <subfield code="b">10</subfield>
    <subfield code="c">20130110</subfield>
  </datafield>
  <datafield tag="590" ind1=" " ind2=" ">
    <subfield code="a">BATCH-UPD</subfield>
    <subfield code="b">10</subfield>
    <subfield code="c">20130410</subfield>
  </datafield>
  <datafield tag="590" ind1=" " ind2=" ">
    <subfield code="a">BATCH-UPD</subfield>
    <subfield code="b">10</subfield>
    <subfield code="c">20130914</subfield>
  </datafield>
  <datafield tag="590" ind1=" " ind2=" ">
    <subfield code="a">BATCH-UPD</subfield>
    <subfield code="b">10</subfield>
    <subfield code="c">20140324</subfield>
  </datafield>
  <datafield tag="590" ind1=" " ind2=" ">
    <subfield code="a">BATCH-UPD</subfield>
    <subfield code="b">10</subfield>
    <subfield code="c">20141002</subfield>
  </datafield>
  <datafield tag="590" ind1=" " ind2=" ">
    <subfield code="a">CONVERSION</subfield>
    <subfield code="b">10</subfield>
    <subfield code="c">20130109</subfield>
  </datafield>
  <datafield tag="650" ind1="1" ind2="4">
    <subfield code="a">Chayote</subfield>
    <subfield code="x">Enfermedades.</subfield>
    <subfield code="9">22083</subfield>
  </datafield>
  <datafield tag="650" ind1="1" ind2="4">
    <subfield code="a">Chayote</subfield>
    <subfield code="x">Fisiolog&#xED;a y morfolog&#xED;a.</subfield>
    <subfield code="9">22085</subfield>
  </datafield>
  <datafield tag="650" ind1="1" ind2="4">
    <subfield code="a">Chayote</subfield>
    <subfield code="x">Veracruz.</subfield>
  </datafield>
  <datafield tag="650" ind1="1" ind2="4">
    <subfield code="a">Hongos fitopat&#xF3;genos.</subfield>
    <subfield code="9">56132</subfield>
  </datafield>
  <datafield tag="650" ind1="1" ind2="4">
    <subfield code="a">Microorganismos pat&#xF3;genos.</subfield>
    <subfield code="9">75528</subfield>
  </datafield>
  <datafield tag="650" ind1="1" ind2="4">
    <subfield code="a">Pudrici&#xF3;n de la ra&#xED;z.</subfield>
    <subfield code="9">92840</subfield>
  </datafield>
  <datafield tag="700" ind1="1" ind2=" ">
    <subfield code="a">Cadena I&#xF1;iguez, Jorge</subfield>
    <subfield code="9">128146</subfield>
    <subfield code="e">Director de tesis.</subfield>
  </datafield>
  <datafield tag="856" ind1=" " ind2=" ">
    <subfield code="u">http://10.13.5.2/tesis/111554.pdf</subfield>
    <subfield code="z">DESCARGAR PDF</subfield>
  </datafield>
  <datafield tag="901" ind1=" " ind2=" ">
    <subfield code="a">BK</subfield>
  </datafield>
  <datafield tag="942" ind1=" " ind2=" ">
    <subfield code="c">TD</subfield>
    <subfield code="2">Clasificaci&#xF3;n Universidad Aut&#xF3;noma Chapingo</subfield>
  </datafield>
  <datafield tag="949" ind1=" " ind2=" ">
    <subfield code="a">Tesis</subfield>
    <subfield code="b">BC</subfield>
    <subfield code="c">TES</subfield>
    <subfield code="d">33724002223009</subfield>
    <subfield code="e">TS2</subfield>
    <subfield code="f">c.2</subfield>
    <subfield code="g">Donaci&#xD8;n</subfield>
    <subfield code="h">51493</subfield>
    <subfield code="i">111554</subfield>
    <subfield code="s">t</subfield>
  </datafield>
  <datafield tag="949" ind1=" " ind2=" ">
    <subfield code="a">Tesis</subfield>
    <subfield code="b">BC</subfield>
    <subfield code="c">TES</subfield>
    <subfield code="d">33724002223040</subfield>
    <subfield code="e">TS1</subfield>
    <subfield code="g">Donaci&#xD8;n</subfield>
    <subfield code="h">51492</subfield>
    <subfield code="i">111554</subfield>
    <subfield code="s">t</subfield>
  </datafield>
  <datafield tag="999" ind1=" " ind2=" ">
    <subfield code="c">99896</subfield>
    <subfield code="d">99896</subfield>
  </datafield>
  <datafield tag="952" ind1=" " ind2=" ">
    <subfield code="0">0</subfield>
    <subfield code="1">0</subfield>
    <subfield code="2">local</subfield>
    <subfield code="4">0</subfield>
    <subfield code="5">1</subfield>
    <subfield code="7">0</subfield>
    <subfield code="8">TesDigL</subfield>
    <subfield code="a">BD</subfield>
    <subfield code="b">BD</subfield>
    <subfield code="c">E_L</subfield>
    <subfield code="d">2019-12-31</subfield>
    <subfield code="l">0</subfield>
    <subfield code="o">Tesis digital</subfield>
    <subfield code="r">2019-12-31 00:00:00</subfield>
    <subfield code="w">2019-12-31</subfield>
    <subfield code="y">TD</subfield>
  </datafield>
</record>
